| 000 | 03159 a2200433 4500 | ||
|---|---|---|---|
| 999 |
_c10763 _d10763 |
||
| 020 | _a9780444521842 (hbk.) | ||
| 020 | _a0444521844 (hbk.) | ||
| 050 | 0 | 0 |
_aQP376 _b.GAB 2007 |
| 100 |
_aTepper, James Michael _eeditor |
||
| 245 | 0 | 0 |
_aGABA and the basal ganglia : _bfrom molecules to systems / _cedited by James M. Tepper, Elizabeth D. Abercrombie, J.Paul Bolam. |
| 250 | _aFirst edition. | ||
| 264 |
_aAmsterdam: _bElsevier, _c 2007 |
||
| 300 |
_ax, 339 p. : _bill. (some col.) ; |
||
| 336 |
_1text _atxt _brdacontent |
||
| 337 |
_1unmediated _an _brdamedia |
||
| 338 |
_1volume _anc _brdacarrier |
||
| 440 | 0 | _aProgress in brain research | |
| 504 | _aIncludes bibliographical references and index. | ||
| 505 | 0 | _aBasal ganglia macrocircuits / J. M. Tepper, E. D. Abercrombie and J. P. Bolam -- GABA: homeostatic and pharmacological aspects / A. Schousboe and H. S. Waagepetersen -- GABA [subscript A] receptors: structure and function in the basal ganglia / T. Goetz ... [et al.] -- GABA [subscript B] receptors: structure and function / P. C. Emson -- The cellular, molecular and ionic basis of GABA [subscript A] receptor signalling / M. Farrant and K. Kaila -- GABAergic inhibition in the neostriatum / C. J. Wilson -- Globus pallidus external segment / H. Kita -- Globus pallidus internal segment / A. Nambu -- The pars reticulata of the substantia nigra: a window to basal ganglia output / J. M. Deniau ... [et al.] -- GABAergic control of the subthalamic nucleus / M. D. Bevan, N. E. Hallworth and J. Baufreton -- GABAergic control of substantia nigra dopaminergic neurons / J. M. Tepper and C. R. Lee -- GABAergic output of the basal ganglia / O. Hikosaka -- Localization of GABA receptors in the basal ganglia / J. Boyes and J. P. Bolam -- Presynaptic modulation of GABA release in the basal ganglia / U. Misgeld, G. Drew and Y. Yanovsky -- Development of striatal fast-spiking GABAergic interneurons / M.-F. Chesselet ... [et al.] -- Co-localization of GABA with other neuroactive substances in the basal ganglia / J. F. McGinty -- GABAergic circuits in the basal ganglia and movement disorders / A. Galvan and T. Wichmann -- Simulation of GABA function in the basal ganglia: computational models of GABAergic mechanisms in basal ganglia function / J. R. Wickens, G. W. Arbuthnott and T. Shindou. | |
| 520 | _aThe most current and comprehensive review of GABAergic function in the basal ganglia | ||
| 650 | 0 |
_aGABA _xMetabolism. |
|
| 650 | 0 |
_aGABA _xPhysiological effect. |
|
| 650 | 0 | _aBasal ganglia. | |
| 650 | 1 | 7 | _aGamma-aminoboterzuur. |
| 650 | 1 | 7 | _aBasale ganglia. |
| 650 | 6 |
_aGABA _xMtĖabolisme. |
|
| 650 | 6 |
_aGABA _xEffets physiologiques. |
|
| 650 | 6 | _aNoyaux gris centraux. | |
| 650 | 1 | 2 |
_aBasal Ganglia _xphysiology. |
| 650 | 2 | 2 | _aReceptors, GABA. |
| 650 | 2 | 2 | _aSynaptic Transmission. |
| 650 | 2 | 2 |
_agamma-Aminobutyric Acid _xdrug effects. |
| 650 | 2 | 2 |
_agamma-Aminobutyric Acid _xphysiology. |
| 700 | 1 | _aTepper, James Michael. | |
| 700 | 1 | _aAbercrombie, Elizabeth D. | |
| 700 | 1 | _aBolam, J. P. | |
| 942 |
_2lcc _cBK _h376 _iGAB _kQP |
||